Women in Shariah (Islamic law)
| Main Author: | |
|---|---|
| Format: | Book |
| Published: |
Kuala Lumpur :
A.S.Noordeen ,
1992
|
| Subjects: |
MARC
| LEADER | 00000cam a2200000 7i4500 | ||
|---|---|---|---|
| 001 | 0000005324 | ||
| 002 | 000005752 | ||
| 005 | 20000330.0 | ||
| 020 | |a 9679963349 | ||
| 090 | 0 | 0 | |a 297.14 |b ABD |
| 100 | 0 | |a 'Abdur Rahman I.Doi | |
| 245 | 1 | 0 | |a Women in Shariah (Islamic law) |c 'Abdur Rahman I.Doi |
| 260 | |a Kuala Lumpur : |b A.S.Noordeen , |c 1992 | ||
| 300 | |a 217 p. ; |c 21 cm. | ||
| 650 | 0 | 0 | |a Islamic law |
| 999 | |a 033526 |b BUKU |c PINJAMAN |e PERPUSTAKAAN KOMUNITI PETALING JAYA | ||